| 000 | 01088nam a2200253Ia 4500 | ||
|---|---|---|---|
| 003 | IN-BaIIA | ||
| 008 | 211028s9999 xx 000 0 eng d | ||
| 020 | _a1-58381-048-X | ||
| 040 | _cIIA Library | ||
| 080 |
_a082.2:52 _bIAU-198 |
||
| 111 |
_aSymposium of the International Astronomical Union _n198th _cBrazil _d1999 Nov. 21-27 _928607 |
||
| 245 | 4 |
_aThe light elements and their evolution _bproceedings of the 198th symposium of the IAU held in Natal, Brazil, 21-27 Nov 1999 _cedited by L. Da Silva, M. Spite and J. R. De Medeiros |
|
| 260 |
_aCalifornia _bAstronomical Society of the Pacific _c2000 |
||
| 300 | _axv; 590p. | ||
| 490 | _aIAU Symposium; no. 198 | ||
| 650 |
_aabundances - D, He, Lithium, Beryllium, Boron _925184 |
||
| 650 |
_aevolution - light elements _925185 |
||
| 650 |
_aproduction and destruction - elements _925186 |
||
| 700 |
_aDa Silva, L., ed. _925187 |
||
| 700 |
_aDe Medeiros, J. R., ed. _925188 |
||
| 700 |
_aSpite, M., ed. _925189 |
||
| 710 |
_aAstronomical Society of the Pacific _91154 |
||
| 942 | _cBK | ||
| 999 |
_c15495 _d15495 |
||